Central Library OPAC University of Rajshahi

Four studies on the history of Central Asia / (Record no. 27191)

MARC details
000 -LEADER
fixed length control field 00975nam a22002531a 4500
001 - CONTROL NUMBER
control field 27191
003 - CONTROL NUMBER IDENTIFIER
rucl marc code BD-RjUL
005 - DATE AND TIME OF LATEST TRANSACTION
control field 20211209051126.0
008 - FIXED-LENGTH DATA ELEMENTS--GENERAL INFORMATION
fixed length control field 140324r19631958ne 1 0 eng d
035 ## - SYSTEM CONTROL NUMBER
System control number (BD-RjUL) 27263
System control number (BD-RjUL)
040 ## - CATALOGING SOURCE
Original cataloging agency NUN
Language of cataloging eng
Transcribing agency NUN
Modifying agency ANL
-- BD-RjUL
041 ## - LANGUAGE CODE
Language code of text/sound track or separate title eng
082 04 - DEWEY DECIMAL CLASSIFICATION NUMBER
Classification number 958
Author mark and year BAF V-2 1963
100 1# - MAIN ENTRY--PERSONAL NAME
Personal name Barthold, Vasilii Vladimirovich.
9 (RLIN) 83462
245 10 - TITLE STATEMENT
Title Four studies on the history of Central Asia /
Statement of responsibility, etc. by V.V.Barthold; trans. from the Russian by V. and T.Minorsky.
Number of part/section of a work Volume II :
Name of part/section of a work Ulugh-Beg
260 ## - PUBLICATION, DISTRIBUTION, ETC. (IMPRINT)
Place of publication, distribution, etc. Leiden :
Name of publisher, distributor, etc. Brill,
Date of publication, distribution, etc. 1958. [Reprinted 1963]
300 ## - PHYSICAL DESCRIPTION
Pagination 200p. :
Illustrations ill. ;
Size 22cm.
490 1# - SERIES STATEMENT
Series statement Russian translation / (American Council of Learned Societies
504 ## - BIBLIOGRAPHY, ETC. NOTE
Bibliography, etc Includes Index
505 0# - FORMATTED CONTENTS NOTE
Formatted contents note Vol.1, A short history of Turkestan; History of te Semirechye. Vol.2, Ulugh-beg. 1958. Vol.3, Mir Ali-Shir; A history of the Turkman people. 1962.
651 #0 - SUBJECT ADDED ENTRY--GEOGRAPHIC NAME
Geographic name Asia, Central
General subdivision History.
9 (RLIN) 69616
942 ## - ADDED ENTRY ELEMENTS (KOHA)
Source of classification or shelving scheme Dewey Decimal Classification
Koha item type Books
Holdings
Lost status Source of classification or shelving scheme Damaged status Not for loan Collection code Permanent Location Current Location Shelving location Date acquired Source of acquisition Cost, normal purchase price Total Checkouts Full call number Date last seen Date checked out Copy number Koha item type
  Dewey Decimal Classification     Non-fiction Central Library, University of Rajshahi Central Library, University of Rajshahi   18/07/1964 Zeitlinger 30.00 1 958 BAF V-2 1963 17/12/2017 17/12/2017 C-2 Books
  Dewey Decimal Classification     Non-fiction Central Library, University of Rajshahi Central Library, University of Rajshahi   14/04/1964 Zeitlinger 98.00   958 BAF V-2 1963 26/11/2016   C-3 Books
  Dewey Decimal Classification   Not For Loan Non-fiction Central Library, University of Rajshahi Central Library, University of Rajshahi Reading Room   Zeitlinger 35.06   958 BAF V-2 1963 26/02/2017   C-1 Books